All Starting NFL Running Backs of the 2010s - Statistics

General Stats
  • This quiz has been taken 2,449 times
  • The average score is 148 of 381
Answer Stats
Team Hint Answer % Correct
Arizona Cardinals 12 Chris Johnson
89%
New York Jets 6 Chris Johnson
89%
Tennessee Titans 63 Chris Johnson
89%
Arizona Cardinals 47 David Johnson
89%
Houston Texans 1 Dennis Johnson
88%
Cleveland Browns 10 Duke Johnson
88%
Houston Texans 2 Duke Johnson
88%
Detroit Lions 14 Kerryon Johnson
88%
Jacksonville Jaguars 1 Storm Johnson
88%
Detroit Lions 1 Ty Johnson
88%
Green Bay Packers 32 Aaron Jones
86%
Arizona Cardinals 6 Adrian Peterson
85%
Minnesota Vikings 77 Adrian Peterson
85%
New Orleans Saints 1 Adrian Peterson
85%
Washington Redskins 31 Adrian Peterson
85%
Dallas Cowboys 22 Felix Jones
85%
Pittsburgh Steelers 2 Felix Jones
85%
New Orleans Saints 2 Julius Jones
85%
Washington Redskins 7 Matt Jones
85%
Tampa Bay Buccaneers 9 Ronald Jones
85%
Kansas City Chiefs 18 Thomas Jones
85%
Buffalo Bills 3 Marshawn Lynch
84%
Oakland Raiders 21 Marshawn Lynch
84%
Seattle Seahawks 77 Marshawn Lynch
84%
Los Angeles/St. Louis Rams 72 Todd Gurley
82%
Dallas Cowboys 56 Ezekiel Elliott
81%
New York Jets 15 Le'Veon Bell
80%
Pittsburgh Steelers 62 Le'Veon Bell
80%
New York Giants 7 Andre Williams
79%
Los Angeles/St. Louis Rams 1 Cadillac Williams
79%
Tampa Bay Buccaneers 9 Cadillac Williams
79%
Kansas City Chiefs 9 Damien Williams
79%
Miami Dolphins 4 Damien Williams
79%
Carolina Panthers 51 DeAngelo Williams
79%
Pittsburgh Steelers 14 DeAngelo Williams
79%
Green Bay Packers 17 Jamaal Williams
79%
Detroit Lions 15 Joique Bell
79%
Indianapolis Colts 1 Jonathan Williams
79%
Chicago Bears 3 Kahlil Bell
79%
Washington Redskins 3 Keiland Williams
79%
Arizona Cardinals 6 Kerwynn Williams
79%
Buffalo Bills 56 LeSean McCoy
79%
Kansas City Chiefs 9 LeSean McCoy
79%
Philadelphia Eagles 72 LeSean McCoy
79%
Cleveland Browns 1 Mike Bell
79%
Arizona Cardinals 3 Ryan Williams
79%
Buffalo Bills 8 Frank Gore
76%
Indianapolis Colts 48 Frank Gore
76%
Miami Dolphins 14 Frank Gore
76%
San Francisco 49ers 74 Frank Gore
76%
New York Giants 12 Brandon Jacobs
75%
Carolina Panthers 42 Christian McCaffrey
75%
Tennessee Titans 31 Derrick Henry
75%
Oakland Raiders 13 Josh Jacobs
75%
Cleveland Browns 25 Nick Chubb
74%
New York Giants 29 Saquon Barkley
74%
New Orleans Saints 25 Alvin Kamara
73%
Dallas Cowboys 47 DeMarco Murray
73%
Philadelphia Eagles 8 DeMarco Murray
73%
Tennessee Titans 31 DeMarco Murray
73%
Minnesota Vikings 17 Latavius Murray
73%
New Orleans Saints 8 Latavius Murray
73%
Oakland Raiders 19 Latavius Murray
73%
New England Patriots 13 James White
72%
Cincinnati Bengals 35 Joe Mixon
69%
Atlanta Falcons 27 Steven Jackson
69%
Los Angeles/St. Louis Rams 47 Steven Jackson
69%
New England Patriots 1 Steven Jackson
69%
Green Bay Packers 13 Brandon Jackson
68%
Atlanta Falcons 59 Devonta Freeman
68%
Green Bay Packers 1 Don Jackson
68%
Buffalo Bills 46 Fred Jackson
68%
Kansas City Chiefs 57 Jamaal Charles
68%
Pittsburgh Steelers 22 James Conner
68%
Los Angeles/San Diego Chargers 1 Justin Jackson
68%
Baltimore Ravens 15 Mark Ingram
68%
New Orleans Saints 64 Mark Ingram
68%
Minnesota Vikings 28 Dalvin Cook
67%
Denver Broncos 8 Royce Freeman
67%
Houston Texans 67 Arian Foster
66%
Miami Dolphins 2 Arian Foster
66%
Chicago Bears 88 Matt Forte
66%
New York Jets 17 Matt Forte
66%
Los Angeles/San Diego Chargers 63 Melvin Gordon
65%
Atlanta Falcons 2 Brian Hill
64%
Green Bay Packers 48 Eddie Lacy
64%
Seattle Seahawks 3 Eddie Lacy
64%
Cincinnati Bengals 43 Jeremy Hill
64%
Detroit Lions 6 Kevin Smith
64%
Detroit Lions 8 LeGarrette Blount
64%
New England Patriots 22 LeGarrette Blount
64%
Philadelphia Eagles 11 LeGarrette Blount
64%
Tampa Bay Buccaneers 21 LeGarrette Blount
64%
Dallas Cowboys 2 Rod Smith
64%
Houston Texans 1 Akeem Hunt
63%
Arizona Cardinals 2 Chester Taylor
63%
Chicago Bears 1 Chester Taylor
63%
Cleveland Browns 3 Kareem Hunt
63%
Kansas City Chiefs 27 Kareem Hunt
63%
Jacksonville Jaguars 50 Maurice Jones-Drew
63%
Oakland Raiders 1 Maurice Jones-Drew
63%
Arizona Cardinals 4 Stepfan Taylor
63%
New York Jets 14 LaDainian Tomlinson
62%
Baltimore Ravens 61 Ray Rice
62%
Jacksonville Jaguars 36 Leonard Fournette
61%
Oakland Raiders 9 Doug Martin
60%
Tampa Bay Buccaneers 65 Doug Martin
60%
Carolina Panthers 61 Jonathan Stewart
58%
Green Bay Packers 4 Alex Green
57%
Chicago Bears 8 David Montgomery
57%
Green Bay Packers 11 Ty Montgomery
57%
New York Jets 2 Ty Montgomery
57%
New York Giants 10 Andre Brown
56%
Los Angeles/San Diego Chargers 11 Austin Ekeler
56%
Philadelphia Eagles 5 Bryce Brown
56%
Indianapolis Colts 19 Donald Brown
56%
Los Angeles/San Diego Chargers 5 Donald Brown
56%
Los Angeles/St. Louis Rams 2 Malcom Brown
56%
Los Angeles/San Diego Chargers 1 Ronnie Brown
56%
Miami Dolphins 16 Ronnie Brown
56%
Philadelphia Eagles 2 Ronnie Brown
56%
Dallas Cowboys 5 Alfred Morris
54%
San Francisco 49ers 1 Alfred Morris
54%
Washington Redskins 64 Alfred Morris
54%
Seattle Seahawks 32 Chris Carson
54%
Detroit Lions 12 Maurice Morris
54%
Detroit Lions 1 Tra Carson
54%
Carolina Panthers 1 C.J. Anderson
53%
Denver Broncos 36 C.J. Anderson
53%
Los Angeles/St. Louis Rams 2 C.J. Anderson
53%
Green Bay Packers 2 DuJuan Harris
53%
San Francisco 49ers 2 DuJuan Harris
53%
Chicago Bears 1 Marion Barber
53%
Dallas Cowboys 10 Marion Barber
53%
Philadelphia Eagles 11 Miles Sanders
53%
Tampa Bay Buccaneers 28 Peyton Barber
53%
Miami Dolphins 19 Jay Ajayi
52%
Philadelphia Eagles 4 Jay Ajayi
52%
Detroit Lions 23 Reggie Bush
51%
Miami Dolphins 31 Reggie Bush
51%
New Orleans Saints 6 Reggie Bush
51%
San Francisco 49ers 1 Reggie Bush
51%
Chicago Bears 1 Michael Bush
50%
Oakland Raiders 12 Michael Bush
50%
New England Patriots 19 Dion Lewis
49%
Tennessee Titans 8 Dion Lewis
49%
Indianapolis Colts 22 Marlon Mack
48%
Dallas Cowboys 12 Darren McFadden
47%
Oakland Raiders 51 Darren McFadden
47%
Houston Texans 41 Lamar Miller
47%
Miami Dolphins 47 Lamar Miller
47%
Baltimore Ravens 7 Gus Edwards
45%
Chicago Bears 44 Jordan Howard
44%
Philadelphia Eagles 4 Jordan Howard
44%
Kansas City Chiefs 2 Knile Davis
44%
Chicago Bears 1 Mike Davis
44%
San Francisco 49ers 1 Mike Davis
44%
Seattle Seahawks 8 Mike Davis
44%
New England Patriots 22 Sony Michel
44%
Jacksonville Jaguars 13 Denard Robinson
43%
New Orleans Saints 3 Khiry Robinson
43%
Atlanta Falcons 46 Michael Turner
43%
Tampa Bay Buccaneers 3 Mike James
43%
Denver Broncos 24 Phillip Lindsay
43%
Los Angeles/San Diego Chargers 3 Darren Sproles
42%
New Orleans Saints 14 Darren Sproles
42%
Philadelphia Eagles 12 Darren Sproles
42%
Cleveland Browns 23 Peyton Hillis
42%
Kansas City Chiefs 2 Peyton Hillis
42%
New York Giants 1 Peyton Hillis
42%
Cincinnati Bengals 20 Giovani Bernard
41%
Cincinnati Bengals 1 Rex Burkhead
40%
New England Patriots 8 Rex Burkhead
40%
Oakland Raiders 2 Jalen Richard
38%
Atlanta Falcons 20 Tevin Coleman
38%
San Francisco 49ers 11 Tevin Coleman
38%
Indianapolis Colts 3 Ahmad Bradshaw
37%
New York Giants 32 Ahmad Bradshaw
37%
Buffalo Bills 8 Devin Singletary
37%
Los Angeles/San Diego Chargers 52 Ryan Mathews
37%
Philadelphia Eagles 14 Ryan Mathews
37%
Buffalo Bills 1 Chris Ivory
36%
Jacksonville Jaguars 4 Chris Ivory
36%
New Orleans Saints 8 Chris Ivory
36%
New York Jets 30 Chris Ivory
36%
Miami Dolphins 1 Daniel Thomas
36%
Kansas City Chiefs 3 De'Anthony Thomas
36%
Arizona Cardinals 8 Kenyan Drake
36%
Miami Dolphins 16 Kenyan Drake
36%
New Orleans Saints 26 Pierre Thomas
36%
New York Giants 4 Elijhaa Penny
35%
Los Angeles/St. Louis Rams 3 Daryl Richardson
34%
New York Giants 6 David Wilson
34%
San Francisco 49ers 2 Jeff Wilson
34%
Denver Broncos 36 Knowshon Moreno
34%
New York Jets 31 Shonn Greene
34%
Tennessee Titans 5 Shonn Greene
34%
Cleveland Browns 17 Trent Richardson
34%
Indianapolis Colts 12 Trent Richardson
34%
Kansas City Chiefs 11 Charcandrick West
33%
Baltimore Ravens 27 Justin Forsett
33%
Denver Broncos 3 Justin Forsett
33%
Seattle Seahawks 5 Justin Forsett
33%
Baltimore Ravens 17 Terrance West
33%
Cleveland Browns 6 Terrance West
33%
Cleveland Browns 5 Carlos Hyde
32%
Houston Texans 14 Carlos Hyde
32%
Jacksonville Jaguars 2 Carlos Hyde
32%
San Francisco 49ers 36 Carlos Hyde
32%
Buffalo Bills 36 C.J. Spiller
32%
New Orleans Saints 2 C.J. Spiller
32%
Arizona Cardinals 15 Rashard Mendenhall
31%
Pittsburgh Steelers 35 Rashard Mendenhall
31%
Cincinnati Bengals 31 BenJarvus Green-Ellis
30%
New England Patriots 17 BenJarvus Green-Ellis
30%
New England Patriots 5 Cordarrelle Patterson
30%
Los Angeles/San Diego Chargers 3 Danny Woodhead
30%
New England Patriots 9 Danny Woodhead
30%
New England Patriots 25 Stevan Ridley
30%
New York Jets 1 Stevan Ridley
30%
Pittsburgh Steelers 1 Stevan Ridley
30%
Chicago Bears 22 Tarik Cohen
30%
Cleveland Browns 45 Isaiah Crowell
28%
New York Jets 6 Isaiah Crowell
28%
Denver Broncos 3 Montee Ball
28%
Washington Redskins 5 Clinton Portis
26%
New England Patriots 5 Kevin Faulk
26%
Detroit Lions 22 Ameer Abdullah
25%
Minnesota Vikings 8 Jerick McKinnon
25%
Cincinnati Bengals 31 Cedric Benson
24%
Green Bay Packers 5 Cedric Benson
24%
Philadelphia Eagles 2 Boston Scott
23%
San Francisco 49ers 5 Brian Westbrook
23%
New York Giants 1 Da'Rel Scott
23%
Baltimore Ravens 6 Javorius Allen
23%
Baltimore Ravens 2 Willis McGahee
23%
Cleveland Browns 6 Willis McGahee
23%
Denver Broncos 23 Willis McGahee
23%
Arizona Cardinals 23 Beanie Wells
22%
Houston Texans 1 D'Onta Foreman
22%
Indianapolis Colts 6 Nyheim Hines
22%
Houston Texans 16 Alfred Blue
21%
New York Jets 36 Bilal Powell
21%
Arizona Cardinals 2 Chase Edmonds
21%
New England Patriots 3 Jonas Gray
21%
Indianapolis Colts 18 Joseph Addai
21%
San Francisco 49ers 18 Matt Breida
21%
Jacksonville Jaguars 6 Rashad Jennings
21%
New York Giants 37 Rashad Jennings
21%
Oakland Raiders 8 Rashad Jennings
21%
Washington Redskins 8 Samaje Perine
21%
Seattle Seahawks 17 Thomas Rawls
21%
Jacksonville Jaguars 30 T.J. Yeldon
21%
Arizona Cardinals 1 William Powell
21%
Washington Redskins 1 Chris Thompson
20%
Jacksonville Jaguars 2 Corey Grant
20%
Detroit Lions 15 Jahvid Best
20%
Green Bay Packers 13 James Starks
20%
Cleveland Browns 1 Jerome Harrison
20%
Philadelphia Eagles 1 Jerome Harrison
20%
Green Bay Packers 16 Ryan Grant
20%
Indianapolis Colts 3 Delone Carter
19%
Los Angeles/San Diego Chargers 4 Mike Tolbert
19%
New England Patriots 8 Shane Vereen
19%
New York Giants 1 Shane Vereen
19%
Baltimore Ravens 22 Alex Collins
17%
Pittsburgh Steelers 2 Benny Snell
16%
Baltimore Ravens 3 Bernard Pierce
16%
Oakland Raiders 3 DeAndre Washington
16%
Detroit Lions 2 Dwayne Washington
16%
Seattle Seahawks 1 Leon Washington
16%
Detroit Lions 19 Theo Riddick
16%
Arizona Cardinals 16 Andre Ellington
15%
New York Giants 1 Danny Ware
15%
Tampa Bay Buccaneers 1 Danny Ware
15%
Atlanta Falcons 5 Jacquizz Rodgers
15%
Tampa Bay Buccaneers 9 Jacquizz Rodgers
15%
Kansas City Chiefs 17 Spencer Ware
15%
Jacksonville Jaguars 8 Toby Gerhart
15%
Minnesota Vikings 6 Toby Gerhart
15%
Los Angeles/St. Louis Rams 12 Tre Mason
15%
Green Bay Packers 1 Christine Michael
14%
Seattle Seahawks 8 Christine Michael
14%
Washington Redskins 1 Derrisu Guice
14%
Detroit Lions 3 J.D. McKissic
14%
Seattle Seahawks 1 J.D. McKissic
14%
Philadelphia Eagles 5 Josh Adams
14%
Houston Texans 1 Derrick Ward
13%
Denver Broncos 15 Ronnie Hillman
13%
Los Angeles/San Diego Chargers 1 Ronnie Hillman
13%
Arizona Cardinals 13 Tim Hightower
13%
New Orleans Saints 4 Tim Hightower
13%
Washington Redskins 5 Tim Hightower
13%
New York Giants 5 Wayne Gallman
13%
New England Patriots 6 Brandon Bolden
12%
Denver Broncos 6 Devontae Booker
12%
Buffalo Bills 1 Keith Ford
12%
Denver Broncos 3 Laurence Maroney
12%
Minnesota Vikings 16 Matt Asiata
12%
Los Angeles/St. Louis Rams 17 Zac Stacy
12%
Washington Redskins 16 Robert Kelley
11%
Houston Texans 9 Ben Tate
10%
Philadelphia Eagles 12 Wendell Smallwood
10%
Tennessee Titans 12 Bishop Sankey
9%
Pittsburgh Steelers 7 Jaylen Samuels
9%
New York Giants 13 Orleans Darkwa
9%
Seattle Seahawks 1 Travis Homer
9%
Buffalo Bills 1 Anthony Dixon
8%
Arizona Cardinals 1 Jason Wright
8%
Chicago Bears 5 Jeremy Langford
8%
Indianapolis Colts 4 Jordan Wilkins
8%
Buffalo Bills 2 Mike Gillislee
8%
New England Patriots 2 Mike Gillislee
8%
Indianapolis Colts 1 Robert Turbin
8%
Houston Texans 1 Steve Slaton
8%
Detroit Lions 6 Zach Zenner
8%
Tennessee Titans 10 Antonio Andrews
7%
Los Angeles/St. Louis Rams 3 Benny Cunningham
7%
Carolina Panthers 3 Cameron Artis-Payne
7%
Tampa Bay Buccaneers 2 Charles Sims
7%
Kansas City Chiefs 17 Dexter McCluster
7%
Tennessee Titans 4 Dexter McCluster
7%
Carolina Panthers 2 Fozzy Whittaker
7%
Cleveland Browns 2 Fozzy Whittaker
7%
Miami Dolphins 6 Kalen Ballage
7%
San Francisco 49ers 1 Kendall Hunter
7%
New Orleans Saints 1 Ladell Betts
7%
Miami Dolphins 4 Patrick Laird
7%
Washington Redskins 5 Roy Helu
7%
Los Angeles/San Diego Chargers 8 Branden Oliver
6%
Seattle Seahawks 2 C.J. Prosise
6%
Pittsburgh Steelers 7 Isaac Redman
6%
Dallas Cowboys 8 Joseph Randle
6%
Philadelphia Eagles 1 Kenjon Barner
6%
Buffalo Bills 1 Marcus Murphy
6%
Minnesota Vikings 2 Mike Boone
6%
New York Giants 5 Paul Perkins
6%
Detroit Lions 5 Bo Scarbrough
5%
Tampa Bay Buccaneers 1 Brian Leonard
5%
Houston Texans 2 Chris Polk
5%
Tampa Bay Buccaneers 2 Earnest Graham
5%
New York Jets 1 Joe McKnight
5%
Pittsburgh Steelers 6 Jonathan Dwyer
5%
Arizona Cardinals 8 LaRod Stephens-Howling
5%
Indianapolis Colts 1 Mike Hart
5%
Detroit Lions 14 Mikel Leshoure
5%
Dallas Cowboys 1 Tashard Choice
5%
Indianapolis Colts 13 Vick Ballard
5%
Detroit Lions 1 Wes Hills
5%
Tampa Bay Buccaneers 11 Bobby Rainey
4%
Tennessee Titans 1 David Cobb
4%
Cleveland Browns 2 Edwin Baker
4%
Los Angeles/St. Louis Rams 1 Isaiah Pead
4%
Kansas City Chiefs 4 Jackie Battle
4%
Los Angeles/San Diego Chargers 5 Jackie Battle
4%
San Francisco 49ers 1 Jarryd Hayne
4%
Chicago Bears 1 Ka'Deem Carey
4%
Miami Dolphins 4 Mark Walton
4%
Carolina Panthers 3 Mike Goodson
4%
Washington Redskins 12 Ryan Torain
4%
Detroit Lions 1 Stefan Logan
4%
New Orleans Saints 1 Travaris Cadet
4%
Cleveland Browns 12 Chris Ogbonnaya
3%
Indianapolis Colts 3 Dan Herron
3%
New York Jets 5 Elijah McGuire
3%
Washington Redskins 2 Evan Royster
3%
Houston Texans 1 Jonathan Grimes
3%
Jacksonville Jaguars 2 Jonathan Grimes
3%
Jacksonville Jaguars 3 Jordan Todman
3%
New York Giants 1 Michael Cox
3%
Cleveland Browns 5 Montario Hardesty
3%
Seattle Seahawks 1 Quinton Ganther
3%
Jacksonville Jaguars 1 Ryquell Armstead
3%
San Francisco 49ers 7 Shaun Draughn
3%
Cincinnati Bengals 1 Cedric Peerman
2%
Carolina Panthers 1 Darrin Reaves
2%
Jacksonville Jaguars 2 Jalen Parmele
2%
New York Giants 1 Jon Hilliman
2%
Jacksonville Jaguars 1 Keith Toston
2%
Los Angeles/San Diego Chargers 2 Curtis Brinkley
1%
Los Angeles/San Diego Chargers 2 Kenneth Farrow
1%
No matching quizzes found
Score Distribution
Percent of People with Each Score
Percentile by Number Answered
Your Score History
You have not taken this quiz